000 00312nam a22001337a 4500
008 181010b xxu||||| |||| 00| 0 eng d
020 _a9780716724926
041 _aeng
080 _a159.9
100 _a48
101 _aPSI
245 _aReadings on the Development of Children
_cGauvain,M
942 _2udc
_cBK
999 _c49323
_d49323